Stany Australii - Statystyki

Ogólne statystyki
  • Ten quiz został rozwiązany 598 razy
    280 od ostatniego zresetowania
  • Średni wynik to 5 z 7
Statystyki odpowiedzi
Ludność Stan % Poprawnych
1 721 000 Australia Południowa
85%
2 576 000 Australia Zachodnia
80%
520 100 Tasmania
78%
7 837 700 Nowa Południowa Walia
75%
4 907 600 Queensland
70%
6 290 700 Wiktoria
70%
246 500 Terytorium Północne
63%
Nie znaleziono quizów pasujących do podanych kryteriów
Rozkład punktacji
Procent ludzi z każdym wynikiem
Percentyl według liczby udzielonych odpowiedzi
Twoja historia wyników
Nie rozwiązałeś tego quizu od ostatniego zresetowania